000 00954nam a2200265Ia 4500
003 OSt
005 20220923224924.0
006 a|||||r|||| 00| 0
007 ta
008 Pun
024 _a253,658
037 _cTextual
040 _aARTS
_cARTS
_bPun
041 _2Pun
_aPun
082 _aO153,3M97w, 152N2
100 _aसेखों, संत सिंह; जग्गी, रत्न सिंह, अनु.
_9168268
245 0 _aनानक सिंह
246 _aNānak sianha
260 _aनई दिल्ली
_b साहित्य अकादेमी
_c1992
300 _a111पृ0
_ccm.
490 _aभारतीय साहित्य के निर्माता
650 _aपंजाबी निबंध
942 _hO153,3M97w, 152N2
_cTEXL
_2CC
999 _c374675
_d374675